000 00538nam a2200205 a 4500
005 20210219153307.0
008 991125n 000 0 u
035 _aUPN01000089100
100 _aBETANCOURT, I.
222 _aRUMBOS: ORGANO DEL CENTRO DE PEDAGOGICO DE ORIENTACION
245 _aNeurosis infantiles
300 _a10-12
362 _a1956 Vol. 4, no. 20 (feb.)
653 0 _aNEUROSIS
653 0 _aNIÑO
653 0 _aPSICOLOGIA EDUCATIVA
653 0 _aPSICOPATOLOGIA
904 _aAC
_b026911
905 _aArticulo
999 _c73291
_d73291